000 01726nam a22001697a 4500
999 _c61250
_d61250
003 Ge_BSU
005 20240110162234.0
008 240110s2022 ge ||||| |||| 00| 0 geo d
041 _ageo
080 _a342.98(479.22)(094.5) ს-32
245 _aსაქართველოს კანონი საჯარო სამსახურის შესახებ : საქართველოს კანონი საჯარო დაწესებულებაში შრომის ანაზღაურების შესახებ. საქართველოს მთავრობის 2017 წლის 25 აპრილის #211 დადგენილება /
_bპროფესიული საჯარო მოხელის სამსახურეობრივი მივლინებით გაგზავნის წესის, მისი სამსახურეობრივი მივლინების ხარჯების ანაზღაურებისა და კომპენსაციის ოდენობისა და პირობების განსაზღვრის შესახებ.
_cცვლილებებითა და დამატებებით 2022 წლის 5 ოქტომბრამდე.
264 _aთბილისი:
_bბონა კაუზა,
_c2022.
300 _a140 გვ. ;
_b21 სმ.
440 _aიურისტის ბიბლიოთეკა
_9137
653 _aსაქართველოს კანონი საჯარო სამსახურის შესახებ
942 _2udc
_cᲬᲘᲒᲜᲘ